Sportifs Allemands - Mort Subite - Statistiques

Statistiques générales
  • Ce quiz a été pris 311 fois
    213 depuis la dernière actualisation
  • Le résultat moyen est 6 sur 20
Answers on the Grid
Answers color-coded by a green-red scale on the quiz's grid according to % correct below.
Michael Schumacher
Vladimir Samsonov
Max Verstappen
Manuel Neuer
Randy Krummenacher
Sebastian Vettel
Toni Kroos
Bogdan Kramer
Benedikt Doll
Robin Mulhausen
Julien Schwarzer
Timo Boll
Alexander Zverev
Marcel Hirscher
Jonas Folger
Dominik Landertinger
Nico Rosberg
Sven Lodziewski
Roland Ratzenberger
Presnel Kimpembe
Keke Rosberg
Mick Schumacher
Mesut Özil
Arnd Peiffer
Michael Lallemand
Stefan Bradl
Kevin Pauwels
Adrian Sutil
Marcel Goc
Erik Lesser
Johan Cruyff
Gwendal Bisch
Ken Roczen
Dirk Raudies
Sven Nys
Luca Amato
 
Statistiques - réponses
Réponse % Correct
Michael Schumacher
79%
Manuel Neuer
72%
Toni Kroos
71%
Mesut Özil
70%
Alexander Zverev
63%
Sebastian Vettel
60%
Mick Schumacher
53%
Nico Rosberg
50%
Benedikt Doll
25%
Erik Lesser
22%
Arnd Peiffer
19%
Timo Boll
15%
Adrian Sutil
13%
Jonas Folger
9%
Stefan Bradl
8%
Ken Roczen
3%
Dirk Raudies
1%
Marcel Goc
1%
Sven Lodziewski
1%
Luca Amato
0%
Aucun quiz correspondant
Distribution des résultats
% des personnes avec chaque résultat
Percentile par nombre de réponses
Votre historique - résultats
Vous n’avez pas pris ce quiz depuis la dernière actualisation